Le corps de la responsabilité. sensibilité, corporéité et subjectivité chez Lévinas (notice n° 1648701)
[ vue normale ]
| 000 -LEADER | |
|---|---|
| fixed length control field | 01524cam a2200169 4500500 |
| 005 - DATE AND TIME OF LATEST TRANSACTION | |
| control field | 20260208003730.0 |
| 041 ## - LANGUAGE CODE | |
| Language code of text/sound track or separate title | fre |
| 042 ## - AUTHENTICATION CODE | |
| Authentication code | dc |
| 100 10 - MAIN ENTRY--PERSONAL NAME | |
| Personal name | Calin, Rodolphe |
| Relator term | author |
| 245 00 - TITLE STATEMENT | |
| Title | Le corps de la responsabilité. sensibilité, corporéité et subjectivité chez Lévinas |
| 260 ## - PUBLICATION, DISTRIBUTION, ETC. | |
| Date of publication, distribution, etc. | 2006.<br/> |
| 500 ## - GENERAL NOTE | |
| General note | 57 |
| 520 ## - SUMMARY, ETC. | |
| Summary, etc. | Pour Lévinas, la subjectivité – aussi bien dans sa relation avec l’être que dans sa relation avec autrui – est originairement responsable. Comment une telle responsabilité, qui n’est pas la simple conséquence de la liberté du sujet, est-elle possible ? C’est seulement à partir de l’incarnation, à partir de la pesanteur même du corps, que le sujet apparaît comme responsable en ce sens et que par conséquent prend sens chez Levinas la notion même de responsabilité. |
| 520 ## - SUMMARY, ETC. | |
| Summary, etc. | For Levinas, subjectivity – as well in his relationship with the being, as with his relationship with the other – is from the beginning responsible. How is such a responsibility, which is not the mere consequence of the freedom of the subject possible ? It is only from the embodiment, from the very gravity of the body, that the subject appears as responsible in that sense and that consequently the very notion of responsibility assumes a meaning for Levinas. |
| 786 0# - DATA SOURCE ENTRY | |
| Note | Les Études philosophiques | 78 | 3 | 2006-09-01 | p. 297-318 | 0014-2166 |
| 856 41 - ELECTRONIC LOCATION AND ACCESS | |
| Uniform Resource Identifier | <a href="https://shs.cairn.info/revue-les-etudes-philosophiques-2006-3-page-297?lang=fr&redirect-ssocas=7080">https://shs.cairn.info/revue-les-etudes-philosophiques-2006-3-page-297?lang=fr&redirect-ssocas=7080</a> |
Pas d'exemplaire disponible.




Réseaux sociaux